000 002440000a22000970004500
100 1 _aBandow, Doug
245 1 0 _aAn agenda for limited government
300 _aVol. 47, Num 3 (Marzo, 1997), Páginas 146-148
773 0 _tThe Freeman
942 _cANA
999 _c56658
_d56658